Loading...
| Literature - European | 0 | 5 | 0 | 1 | 50 | 82 | 111.00 | 0 | 1 | 9.40 | 15.91 |
| Literature - American | 0 | 5 | 0 | 1 | 50 | 84 | 116.40 | 0 | 0 | 7.21 | 13.64 |
| Literature - British | 0 | 3 | 0 | 1 | 30 | 99 | 118.67 | 0 | 0 | 4.48 | 10.23 |
| Fine Arts - Other | 0 | 3 | 0 | 1 | 30 | 118 | 131.00 | 0 | 0 | 0.00 | 3.41 |
| History - Other | 0 | 2 | 0 | 0 | 20 | 120 | 121.00 | 0 | 0 | 0.56 | 5.68 |
| Literature - World | 0 | 2 | 1 | 0 | 15 | 132 | 142.00 | 0 | 0 | 0.52 | 5.68 |
| Social Science | 0 | 1 | 0 | 0 | 10 | 95 | 95.00 | 0 | 0 | 0.28 | 2.27 |
| Fine Arts - Painting and Sculpture | 0 | 1 | 0 | 0 | 10 | 62 | 62.00 | 1 | 1 | 4.85 | 9.09 |
| History - European | 0 | 1 | 0 | 0 | 10 | 126 | 126.00 | 0 | 1 | 0.00 | 2.27 |
| Philosophy | 0 | 1 | 0 | 1 | 10 | 122 | 122.00 | 0 | 0 | 0.00 | 1.14 |
| Religion | 0 | 1 | 0 | 1 | 10 | 138 | 138.00 | 0 | 0 | 0.00 | 1.14 |
| Science - Other | 0 | 1 | 0 | 0 | 10 | 111 | 111.00 | 0 | 0 | 0.24 | 3.41 |
| Science - Physics | 0 | 0 | 0 | 0 | 0 | 0.00 | 0 | 0 | 0.00 | 0.00 | |
| Fine Arts - Classical Music | 0 | 0 | 0 | 0 | 0 | 0.00 | 0 | 0 | 0.00 | 0.00 | |
| History - World | 0 | 0 | 1 | 0 | -5 | 0.00 | 0 | 0 | 0.00 | 0.00 | |
| History - American | 0 | 0 | 1 | 0 | -5 | 0.00 | 0 | 0 | 0.00 | 0.00 |